Sanat - "Suutari ja vieras" - Samuli Edelmann - Statistics

Yleistilastot
  • Tätä visaa on pelattu 8 kertaa
  • Keskiarvotulos 180 / 262
Vastaustilastot
Vastaus % Oikein
kylään
100%
meille
100%
mestari
100%
Mestari
100%
on
100%
tulossa
100%
en
88%
Hän
88%
hän
88%
ja
88%
jo
88%
mies
88%
oli
88%
sanoo
88%
sen
88%
suutari
88%
tänään
88%
enää
75%
häntä
75%
ilmoittanut
75%
istu
75%
jouluvieras
75%
kanssa
75%
kanssani
75%
minulle
75%
olla
75%
oota
75%
parempi
75%
tie
75%
vaan
75%
vanha
75%
varmasti
75%
voiko
75%
et
63%
hetkeksi
63%
huopaan
63%
hyvää
63%
joulua
63%
juoppo
63%
kääri
63%
kiitos
63%
kotiini
63%
luonas
63%
naapuri
63%
olin
63%
oveen
63%
pääse
63%
ties
63%
aivan
50%
avaimeni
50%
ei
50%
hänen
50%
hukannut
50%
kaupunki
50%
keittoa
50%
kertoo
50%
kohmeissaan
50%
koko
50%
kolmasti
50%
koputetaan
50%
kun
50%
kuulu
50%
kuumaa
50%
lapsen
50%
lapsesi
50%
lempeä
50%
lie
50%
luminen
50%
mikä
50%
nainen
50%
nälkääsi
50%
nukkumaan
50%
oon
50%
ota
50%
paleleva
50%
puotinsa
50%
pyytää
50%
siivosi
50%
suurta
50%
sydämestäni
50%
tähän
50%
tästä
50%
tullutkaan
50%
vain
50%
vielä
50%
vieras
50%
vierasta
50%
aikaakaan
38%
astiat
38%
eipä
38%
jos
38%
kaikille
38%
kertoi
38%
köyhä
38%
menee
38%
näkee
38%
nyt
38%
oven
38%
pöydästä
38%
pummi
38%
seisookin
38%
takana
38%
talossaan
38%
unta
38%
uutistaan
38%
vieläkään
38%
yksin
38%
astuu
25%
ensin
25%
ikkunalle
25%
ilta
25%
jäät
25%
jouluksi
25%
kolkuttelee
25%
korpunpalaa
25%
luokseen
25%
odottamaan
25%
pettyy
25%
pimenee
25%
pitkin
25%
pois
25%
sijaan
25%
sinulle
25%
sitä
25%
taskuunsa
25%
vei
25%
vieraalleen
25%
vierastansa
25%
vuoteesi
25%
yöksi
25%
istuu
13%
jouluaattona
13%
nälissään
13%
suutarilta
13%
viimein
13%
niimpä
0%
Ehtoja vastaavia visoja ei löytynyt
Tulosjakauma
Jokaisen tuloksen saaneiden osuus
Persentiili vastausten määrän mukaan
Tuloshistoriasi
Et ole pelannut tätä visaa